000 00530cam a2200157u 4500
082 _a624.1821
_bSTE
_cL-20 P-33
100 1 _aStewart, David Smith. [from old catalog]
_943073
245 0 0 _aPractical design of simple steel structures;
250 _a4th ed.
260 _aLondon,
_bConstable; [published in the U. S. A. by Essential Books, Fair Lawn, N.J.,
_c1955]-
300 _av.
_billus.
_c22 cm.
526 _a0
_b0
_c0
_d624_182100000000000_STE
650 0 _aBuilding, Iron and steel.
650 0 _aMCE
_9379
942 _2ddc
_cBK
999 _c546874
_d546874